000 00370nam a22001337a 4500
008 250414b |||||||| |||| 00| 0 eng d
020 _a978082166
050 _aJF 1601
_b.A35
100 _aAkinterinwa A. Bola
245 _aNigeria's National Interest in a Globalising World
260 _aIbadan
_bBoiytag International Publisher
_c2007
300 _a395p.
942 _cBK
999 _c2955
_d2955